Fnaf 1 - Statistics

General Stats
  • This quiz has been taken 195 times
  • The average score is 8 of 28
Answer Stats
Who is this? Answer % Correct
bear Freddy
92%
chicken Chica
90%
golden bear Golden Freddy
83%
phone person phone guy
69%
killer Purple Guy
69%
fox foxy the pirate
66%
game creator Scott Cawthon
66%
puppet Marionette
64%
bunny bonnie the bunny
63%
ghost child crying child
40%
who is a cupcake? Carl
29%
Who is the Night gaurd Mike
29%
What is the Pay at the End of Night 5? $120
10%
Who is the secret character? Endoskeleton
6%
when was FNAF 1 made? August 18 2014
3%
Who my other favorite character? BonnieBunny
3%
On what Night does the game end on? Night 8
3%
who does the creator fear? BonnieZBunny
2%
who can run in the game? FoxyZPirate
2%
who was able to run in the trailer? BonnieDaBUNNY
1%
Who attacks first in Fnaf Night 1? Bonnie,Then the rest
1%
who is my favorite character? FoxyDaPirate
1%
what animatronic teleports into your room? G.Freddy
1%
Who is therewhen power goes out? Mr.Fazbear
1%
on what night does foxy first attack on? Night 2 or Night 3
1%
Who is the 2nd Secret character? Sparky the Dog
1%
Who killed the child? The Brothers
1%
Who died first? The CryingChild
1%
No matching quizzes found
Score Distribution
Percent of People with Each Score
Percentile by Number Answered
Your Score History
You have not taken this quiz